Penjagaan kulit dan wajah / (Record no. 2751)

000 -LEADER
fixed length control field nam a22 a 4500
003 - CONTROL NUMBER IDENTIFIER
control field AKMAL
005 - DATE AND TIME OF LATEST TRANSACTION
control field 20170517161457.0
008 - FIXED-LENGTH DATA ELEMENTS--GENERAL INFORMATION
fixed length control field 080508s my a e | 000 0 may d
020 ## - INTERNATIONAL STANDARD BOOK NUMBER
International Standard Book Number 983197512X (kkt.)
020 ## - INTERNATIONAL STANDARD BOOK NUMBER
International Standard Book Number 9789831975121
039 #9 - LEVEL OF BIBLIOGRAPHIC CONTROL AND CODING DETAIL [OBSOLETE]
Level of rules in bibliographic description 201005121126
Level of effort used to assign nonsubject heading access points maulidiah
Level of effort used to assign subject headings 200809041019
Level of effort used to assign classification anisatul
Level of effort used to assign subject headings 200809021009
Level of effort used to assign classification nurulnaida
Level of effort used to assign subject headings 200808221714
Level of effort used to assign classification arnida
040 ## - CATALOGING SOURCE
Original cataloging agency AKMAL
Transcribing agency AKMAL
049 ## - LOCAL HOLDINGS (OCLC)
Holding library klpmal
082 04 - DEWEY DECIMAL CLASSIFICATION NUMBER
Classification number 646.726 WRA
Edition number 22
090 00 - LOCALLY ASSIGNED LC-TYPE CALL NUMBER (OCLC); LOCAL CALL NUMBER (RLIN)
Classification number (OCLC) (R) ; Classification number, CALL (RLIN) (NR) 646.726
Local cutter number (OCLC) ; Book number/undivided call number, CALL (RLIN) WRA
090 20 - LOCALLY ASSIGNED LC-TYPE CALL NUMBER (OCLC); LOCAL CALL NUMBER (RLIN)
Classification number (OCLC) (R) ; Classification number, CALL (RLIN) (NR) 646.726
Local cutter number (OCLC) ; Book number/undivided call number, CALL (RLIN) WRA
100 1# - MAIN ENTRY--PERSONAL NAME
Personal name Wratsongko, Madyo
9 (RLIN) 5690
245 10 - TITLE STATEMENT
Title Penjagaan kulit dan wajah /
Statement of responsibility, etc. Madyo Wratsongko, Nor Faridah Sharuddin
260 ## - PUBLICATION, DISTRIBUTION, ETC.
Place of publication, distribution, etc. Kuala Lumpur :
Name of publisher, distributor, etc. Synergy Media,
Date of publication, distribution, etc. [200?]
300 ## - PHYSICAL DESCRIPTION
Extent 73ms. :
Other physical details il. wrn. ;
Dimensions 26cm.
440 #0 - SERIES STATEMENT/ADDED ENTRY--TITLE
Title Pengamalan gaya kehidupan sihat
9 (RLIN) 5801
650 10 - SUBJECT ADDED ENTRY--TOPICAL TERM
Topical term or geographic name entry element Skin
General subdivision Care and hygiene
9 (RLIN) 5802
700 0# - ADDED ENTRY--PERSONAL NAME
Personal name Nor Faridah Sharuddin
9 (RLIN) 5693
942 ## - ADDED ENTRY ELEMENTS (KOHA)
Source of classification or shelving scheme
Koha item type Book
Holdings
Withdrawn status Lost status Source of classification or shelving scheme Damaged status Not for loan Collection code Home library Current library Date acquired Inventory number Total Checkouts Full call number Barcode Date last seen Price effective from Koha item type
          NON-FICTION AKMAL Melaka AKMAL Melaka 17.05.2017 602470   646.726 WRA 201703576 17.05.2017 17.05.2017 Book
Pusat Sumber Maklumat Dato' Haji Sarmin Md Hussin, Akademi Kastam Diraja Malaysia, Melaka
Tel: 06-2331106 | Faks: 06-2313787